| 000 | 00738nam a2200193 i 4500 | ||
|---|---|---|---|
| 001 | 77009 | ||
| 003 | ES-MaACL | ||
| 005 | 20230906173041.0 | ||
| 007 | t| | ||
| 008 | 041006q1923 fr ||||1| fre d | ||
| 100 | 1 |
_aGuye, Ph. A. _961265 |
|
| 245 | 1 | 0 |
_aSur la compressibilité a 0º et audessous de l'atmosphère et l'écart de la loi d'Avogadro de plussieurs gaz / _cpar M. Gueroult et T. Batuecas. |
| 260 |
_aParis : _bPresses Universitaires de France, _c[1923?] |
||
| 300 |
_a15 h. : _bil. ; _c27 cm. |
||
| 500 | _aEs tirada aparte de Journal de Chimie Physique, t. 20, p. 308-336. | ||
| 505 | 8 | _aContiene: V. I: Oxigène, hydrogène et anhydride carbonique | |
| 700 | 1 |
_aBatuecas, Tomás. _926494 |
|
| 852 |
_aES-MaACL _j1732-F-26 |
||
| 999 |
_c77009 _d77009 |
||